| 000 | 01286cam a22003134a 4500 | ||
|---|---|---|---|
| 001 | 13041801 | ||
| 003 | ARRUPE | ||
| 005 | 20150311020006.0 | ||
| 008 | 021226s2004 mau b 001 0 eng | ||
| 010 | _a 2002156493 | ||
| 020 | _a0631220178 (alk. paper) | ||
| 040 |
_aDLC _cDLC _dDLC |
||
| 042 | _apcc | ||
| 043 | _ae------ | ||
| 050 | 0 | 0 |
_aBR309 _b.C62 2004 |
| 082 | 0 | 0 |
_a270.6 _221 |
| 245 | 0 | 2 |
_aA companion to the Reformation world / _cedited by R. Po-chia Hsia. |
| 260 |
_aMalden, MA : _bBlackwell Pub., _c2004. |
||
| 300 |
_axix, 572 p. ; _c26 cm. |
||
| 440 | 0 |
_aBlackwell companions to European history _910747 |
|
| 504 | _aIncludes bibliographical references and index. | ||
| 505 | 0 | _aOn the eve of the Reformation -- The Reformation in the Holy Roman Empire -- The European Reformation -- Catholic renewal and confessional struggles -- Christian Europe and the world -- Structures of the Reformation world. | |
| 650 | 0 |
_aReformation. _910748 |
|
| 700 | 1 |
_aHsia, R. Po-chia, _d1953- _910749 |
|
| 856 | 4 | 2 |
_3Book review (H-Net) _uhttp://www.h-net.org/review/hrev-a0e7i4-aa |
| 906 |
_a7 _bcbc _corignew _d1 _eecip _f20 _gy-gencatlg |
||
| 942 |
_2lcc _cMONOGRAPH _01 |
||
| 999 |
_c120671 _d120671 |
||